000 00532nam a22001937a 4500
003 KOHA_MİRAKIL
005 20251114145518.0
008 251114b tu ||||| |||| 00| 0 tur d
020 _a9786254492655
040 _aTR-AnABB
_btur
_cTR-AnABB
041 _atur
082 _a400.141
_bECO 2023
100 1 _aEco, Umberto,
245 1 0 _aYapının yokluğu /
_cUmberto Eco
260 _aİstanbul :
_bAlfa Basım Yayım,
_c2023
300 _a606 sayfa ;
_c20 cm
650 0 4 _aİtalyan edebiyatı, roman
942 _2ddc
_cBK
999 _c9399
_d9399
900 _bGizem YORULMAZ